| 000 | 00367nam a22001217a 4500 | ||
|---|---|---|---|
| 082 | _a380 | ||
| 100 | _aState Bank of Pakistan | ||
| 245 |
_aImport of Goods and Services June 2011 _cState Bank of Pakistan |
||
| 260 |
_aKarachi _bStatistics and Data Warehouse Deptt _c2011 |
||
| 300 | _a385p | ||
| 942 |
_2ddc _cBK |
||
| 999 |
_c586157 _d586157 |
||